000 002550000a22000970004500
100 1 _aMargalith, Othoniel
245 1 0 _aThe legends of Samson / Heracles
300 _aVol. 37, Num 1 (Enero, 1987), Páginas 63-70
773 0 _tVetus Testamentum
942 _cANA
999 _c57281
_d57281